000 00925nas a2200277 4500
001 BR8300685
003 BR-BrBNA
005 20231205085432.0
007 ta
008 230509b bl.|||p| |||| 00| 00por d
040 _aBR-BrBNA
_bpor
_cBiblioteca Nacional de Agricultura
041 _a(Pt)
072 _aM10
100 1 _aMello, J. de T.C. de
100 1 _aSantos, E.P. dos
100 1 _aSilva, J.W.B. e
100 1 _aChacon, J.O.
245 1 _aCurva de rendimento do tucunare comum, Cichla ocelaris (Schneider), em acudes do nordeste brasileiro
246 1 _aField curve of tucunare comum, Cichla ocelaris (Schneider), from reservoirs of northeastern Brazil
650 _aTUCUNARE
650 _aRENDIMENTO
650 _aREGIAO NORDESTE
773 0 _tCiencia e Cultura (Brazil)
_xISSN 0009-6725
_g(Jan 1983), v. 35(1) p. 58-61
_wBR8300685
909 _a202311
_bLúcia
_c55
_dLúcia Elande
942 _2AGRIS
_n0
_cANA
999 _c111432
_d111432